00000000nam##2200000za#4500
0019.666951
003CaOODSP
00520210615123208
007ta
008150407|2006||||xxc|||||     f|0| 0 eng|d
020 |a0-660-63067-2
040 |aCaOODSP|beng
041 |aeng
041 |afre
043 |an-cn---
0861 |aPo2-9/2006
1102 |aCanada Post Corporation.
24514|aThe Canadian postal code directory, 2006
260 |aOttawa - Ontario : |bCanada Post Corporation |c2006.
300 |a2231p. ; |c28 cm.
5203 |aThis directory contains all of Canada’s postal codes by street address, including for Post Office boxes and route addresses. The directory includes instructions on its use, addressing tips; municipality and post office changes; symbols for street types; a map of Canada; and a blue pages section listing federal government departments and agencies and their addresses and postal codes. An index of municipalities and post offices provides quick reference.
563 |aSoftcover
590 |a06-46|b2006-11-17
69007|aPostal services|2gcpds
69007|aDirectories|2gcpds
792 |tLe répertoire des codes postaux canadiens 2006 |efre|w(CaOODSP)9.666952